| 000 | 00607nam a2200229Ia 4500 | ||
|---|---|---|---|
| 003 | OSt | ||
| 005 | 20220927104726.0 | ||
| 006 | a|||||r|||| 00| 0 | ||
| 007 | ta | ||
| 008 | 220926b |||||||| |||| 00| 0 eng d | ||
| 024 | _a158487 | ||
| 037 | _cReference Collections | ||
| 040 |
_aRTL _cRTL _beng |
||
| 041 |
_2eng _aeng |
||
| 110 |
_a"India, Information Broadcasting (M/o)" _9366892 |
||
| 245 | 0 |
_aIndia _b A referenc eannual 1985 |
|
| 260 | _c1985 | ||
| 300 |
_a722p _ccm. |
||
| 700 |
_a"India, Information Broadcasting (M/o)" _9366893 |
||
| 942 | _cCC | ||
| 999 |
_c688378 _d688378 |
||